000 00964nam a2200265 i 4500
001 15934
003 ES-MaACL
005 20250526173554.0
007 t|
008 010327m19992003sp ||||0| spa j
020 _a84-8109-257-6 Galaxia Gutenberg
040 _aM-BN
_bspa
_cM-BN
080 _a821.112.2(437)-821"19"
100 0 _aKafka, Franz,
_d1883-1924
_967400
245 1 0 _aObras completas /
_cFranz Kafka ; edición dirigida por Jordi Llovet ; traducción de Miguel Sáenz.
250 _a1ª ed.
260 _aBarcelona :
_bGalaxia Gutenberg :
_bCírculo de Lectores,
_c<1999-2003>
300 _av. <1-3> ;
_c22 cm.
505 8 _aContiene: I. Novelas: El desaparecido. El proceso. El castillo -- 2. Diarios. Carta al padre -- 3. Narraciones y otros escritos
700 1 _aLlovet, Jordi.
_972944
700 1 _aSáenz, Miguel,
_d1932-
_9101299
852 _aES-MaACL
_jP-1960
_bR.127823
999 _c15934
_d15934